000 00530nam a22001937a 4500
003 CEME
005 20210628201651.0
008 210212b xxu||||| |||| 00| 0 eng d
020 _a0-201-56947-7
040 _c.
082 _a681.2 BEC
100 _aLienhard, John.H Marangoni, Roy.D Beckwith, Thomas.G
_956264
245 _aMechanical measurements
250 _a5TH
260 _aNEW YORK
_bADDISON WESLEY
_c1993
300 _aXIX,875P
650 _aENGINEERING INSTRUMENTS MEASURING INSTRUMENT
_956265
942 _cBK
_2ddc
999 _c566735
_d566735